Jednostki administracyjne Kościoła katolickiego obrządku łacińskiego w Polsce - Statystyki

Ogólne statystyki
  • Ten quiz został rozwiązany 411 razy
  • Średni wynik to 25 z 42
Statystyki odpowiedzi
nr nazwa % Poprawnych
13 Archidiecezja warszawska
92%
3 Archidiecezja gdańska
88%
6 Archidiecezja krakowska
88%
14 Archidiecezja wrocławska
85%
9 Archidiecezja poznańska
84%
1 Archidiecezja białostocka
83%
8 Archidiecezja łódzka
83%
5 Archidiecezja katowicka
81%
7 Archidiecezja lubelska
78%
31 Diecezja rzeszowska
77%
37 Diecezja toruńska
76%
2 Archidiecezja częstochowska
74%
16 Diecezja bydgoska
71%
22 Diecezja kielecka
70%
11 Archidiecezja szczecińsko-kamieńska
68%
27 Diecezja opolska
68%
30 Diecezja radomska
67%
4 Archidiecezja gnieźnieńska
65%
36 Diecezja tarnowska
65%
41 Diecezja zielonogórsko-gorzowska
61%
29 Diecezja płocka
57%
10 Archidiecezja przemyska
55%
23 Diecezja koszalińsko-kołobrzeska
55%
21 Diecezja kaliska
54%
38 Diecezja warszawsko-praska
53%
18 Diecezja elbląska
49%
24 Diecezja legnicka
47%
32 Diecezja sandomierska
47%
39 Diecezja włocławska
47%
40 Diecezja zamojsko-lubaczowska
47%
15 Diecezja bielsko-żywiecka
46%
33 Diecezja siedlecka
44%
20 Diecezja gliwicka
43%
34 Diecezja sosnowiecka
43%
19 Diecezja ełcka
42%
12 Archidiecezja warmińska
37%
28 Diecezja pelplińska
35%
26 Diecezja łowicka
34%
17 Diecezja drohiczyńska
33%
25 Diecezja łomżyńska
33%
35 Diecezja świdnicka
26%
42 Ordynariat Polowy Wojska Polskiego
12%
Nie znaleziono quizów pasujących do podanych kryteriów
Rozkład punktacji
Procent ludzi z każdym wynikiem
Percentyl według liczby udzielonych odpowiedzi
Twoja historia wyników
Nie rozwiązałeś tego quizu